Legal methods, reasoning and research methodology

Bibliographic Details
Main Author: Bhatia, K. L
Format: Book
Published: New Delhi : Regal Publications , 2014
Subjects:

MARC

LEADER 00000cam a2200000 7i4500
001 0000043816
005 20141208.0
008 141208
020 |a 8184842876 
090 0 0 |a 349.42   |b BHA 
100 1 |a Bhatia, K. L 
245 1 0 |a Legal methods, reasoning and research methodology   |c Professor Dr. K. L Bhatia & Professor Dr. S.C. Srivistava 
260 |a New Delhi :   |b Regal Publications ,   |c 2014 
650 0 |a Law   |x Methodology 
999 |a 0001324237   |b Book   |c REFERENCE   |e Perbadanan Perpustakaan Awam Johor